000
00331 a2200169 4500
001
184285
020
_a
85-08-05747-4
040
_c
Magnum
100
_a
Bandeira, Pedro
240
1
0
_a
Mariana
_l
por
245
1
0
_a
Mariana
300
_a
87
362
0
_a
2002
440
1
_a
Ática
697
_a
LITERATURA JUVENIL
942
_c
BK
999
_c
184285
_d
184285